Every Mario Game Ever - Statistics

General Stats
  • This quiz has been taken 100 times
  • The average score is 62 of 216
Answer Stats
Released Game % Correct
1985 Super Mario Bros.
100%
1981 | 1994 Donkey Kong
76%
1988 Super Mario Bros. 2
75%
1992 Super Mario Kart
75%
1988 Super Mario Bros. 3
73%
1983 Mario Bros.
69%
1996 Super Mario 64
69%
2014 Mario Kart 8
68%
1998 Mario Party
68%
1990 Super Mario World
68%
1989 Super Mario Land
64%
1999 Mario Party 2
63%
2000 Mario Party 3
63%
2002 Mario Party 4
63%
2006 New Super Mario Bros.
63%
2011 Mario Kart 7
61%
2003 Mario Party 5
61%
2004 Mario Party 6
61%
2002 Super Mario Sunshine
61%
2001 | 2018 Luigi's Mansion
59%
1996 Mario Kart 64
59%
2003 Mario Kart: Double Dash
59%
2008 Mario Kart Wii
59%
2025 Mario Kart World
59%
2005 Mario Party 7
59%
2017 Super Mario Odyssey
59%
2007 Mario Party 8
58%
2007 Super Mario Galaxy
58%
2012 Mario Party 9
56%
2000 Mario Tennis
56%
2012 New Super Mario Bros. U
56%
2017 Mario Kart 8 Deluxe
54%
2015 Mario Party 10
54%
2000 Paper Mario
54%
1982 Donkey Kong Jr.
53%
2019 Luigi's Mansion 3
53%
1999 Mario Golf
53%
2005 Mario Kart DS
53%
2013 Super Mario 3D World
51%
2010 Super Mario Galaxy 2
51%
2018 Super Mario Party
49%
2013 Luigi's Mansion: Dark Moon
47%
2012 New Super Mario Bros. 2
47%
2009 New Super Mario Bros. Wii
46%
2011 Super Mario 3D Land
46%
1986 Super Mario Bros.: The Lost Levels
46%
1990 Dr. Mario
44%
2009 Mario & Luigi: Bowser's Inside Story
44%
2004 | 2024 Paper Mario: The Thousand-Year Door
44%
2001 Mario Kart: Super Circuit
42%
1993 Super Mario All-Stars
42%
2023 Super Mario Bros. Wonder
42%
2023 Super Mario RPG
42%
2004 | 2024 Mario vs. Donkey Kong
41%
1992 Super Mario Land 2: 6 Golden Coins
41%
2015 Super Mario Maker
41%
2024 Super Mario Party Jamboree
41%
1999 Super Smash Bros.
41%
2013 Mario & Luigi: Dream Team
39%
2019 Mario Kart Tour
39%
2016 Paper Mario: Color Splash
39%
2012 Paper Mario: Sticker Star
39%
2020 Paper Mario: The Origami King
39%
2021 Super Mario 3D World + Bowser's Fury
39%
2007 Super Paper Mario
39%
2024 Mario & Luigi: Brothership
37%
2015 Mario & Luigi: Paper Jam
37%
2003 Mario & Luigi: Superstar Saga
37%
2007 Mario & Sonic at the Olympic Games
37%
1993 Mario is Missing!
37%
2019 Super Mario Maker 2
37%
2005 Super Mario Strikers
37%
1995 Super Mario World 2: Yoshi's Island
37%
2008 Super Smash Bros. Brawl
37%
2001 Super Smash Bros. Melee
37%
1985 Wrecking Crew
37%
2005 Mario & Luigi: Partners in Time
36%
2007 Mario Party DS
36%
2018 Mario Tennis Aces
36%
2004 Super Mario 64 DS
36%
2018 Super Smash Bros. Ultimate
36%
2017 Mario Party: The Top 100
34%
1992 Mario Paint
32%
2021 Mario Party Superstars
32%
2020 Super Mario 3D All-Stars
32%
2016 Super Mario Run
32%
2005 Super Princess Peach
32%
2008 Mario Super Sluggers
31%
2014 Super Smash Bros. for Wii U
31%
2005 Mario Party Advance
29%
2004 Mario Power Tennis
29%
1992 Mario Teaches Typing
29%
2024 Princess Peach: Showtime!
29%
2001 Super Mario Advance
29%
2003 Mario Golf: Toadstool Tour
27%
2013 Mario Party: Island Tour
27%
2017 Mario + Rabbids Kingdom Battle
27%
2022 Mario + Rabbids Sparks of Hope
27%
2010 Mario Sports Mix
27%
2007 Mario Strikers Charged
27%
2011 Mario & Sonic at the London 2012 Olympic Games
25%
2022 Mario Strikers: Battle League
25%
2013 Dr. Luigi
24%
2017 Mario & Luigi: Superstar Saga + Bowser's Minions
24%
2019 New Super Mario Bros. U Deluxe
24%
1997 Yoshi's Story
24%
2005 Dance Dance Revolution: Mario Mix
22%
1994 Hotel Mario
22%
2018 Mario & Luigi: Bowser's Inside Story + Bowser Jr.'s Journey
22%
2021 Mario Golf: Super Rush
22%
2006 Mario Hoops 3-on-3
22%
2016 Mario Party: Star Rush
22%
2015 Mario Tennis: Ultra Smash
22%
1992 Yoshi's Cookie
22%
2014 Yoshi's New Island
22%
2014 Captain Toad: Treasure Tracker
20%
2024 Luigi's Mansion 2 HD
20%
2009 Mario & Sonic at the Olympic Winter Games
20%
2016 Mario & Sonic at the Rio 2016 Olympic Games
20%
1995 Mario's Picross
20%
2014 Super Smash Bros. for Nintendo 3DS
20%
2006 Yoshi's Island DS
20%
1982 Donkey Kong II
19%
2001 Dr. Mario 64
19%
1995 Mario Clash
19%
2014 Mario Golf: World Tour
19%
2020 Mario Kart Live: Home Circuit
19%
2006 Mario vs. Donkey Kong 2: March of the Minis
19%
2004 Mario Golf: Advance Tour
17%
1995 Mario's Tennis
17%
1993 Mario's Time Machine
17%
2005 Mario Superstar Baseball
17%
1994 Wario Land: Super Mario Land 3
17%
1993 Yoshi's Safari
17%
2019 Mario & Sonic at the Olympic Games Tokyo 2020
15%
2005 Mario Kart Arcade GP
15%
1983 Mario's Cement Factory
15%
2017 Mario Sports Superstars
15%
2012 Mario Tennis Open
15%
1999 Donkey Kong 64
14%
2019 Dr. Mario World
14%
2013 Mario & Sonic at the Sochi 2014 Olympic Winter Games
14%
2007 Mario Kart Arcade GP 2
14%
1983 Mario's Bombs Away
14%
1997 Mario Teaches Typing 2
14%
1999 Super Mario Bros. Deluxe
14%
2020 Super Mario Bros. 35
12%
1995 Mario's Super Picross
10%
2005 Mario Tennis: Power Tour
10%
2003 Super Mario Advance 4: Super Mario Bros. 3
10%
1994 Super Mario All-Stars + Super Mario World
10%
1991 Super Mario Bros. 4
10%
2001 Super Mario World: Super Mario Advance 2
10%
1986 Vs. Super Mario Bros.
10%
2002 Yoshi's Island: Super Mario Advance 3
10%
1984 Donkey Kong Circus
8%
1984 Donkey Kong Hockey
8%
2008 Dr. Mario Online Rx
8%
1986 I am a Teacher: Super Mario Sweater
8%
1993 Mario & Wario
8%
2013 Mario Kart Arcade GP DX
8%
1994 Mario's Early Years! Fun with Letters
8%
1994 Mario's Early Years! Fun with Numbers
8%
1994 Mario's Early Years! Preschool Fun
8%
2010 Mario vs. Donkey Kong: Mini-Land Mayhem!
8%
2009 Mario vs. Donkey Kong: Minis March Again!
8%
2015 Mario vs. Donkey Kong: Tipping Stars
8%
1986 Super Mario Bros. Special
8%
1996 Super Mario RPG: Legend of the Seven Stars
8%
1994 Tetris & Dr. Mario
8%
1998 Wrecking Crew '98
8%
2005 Yoshi Touch & Go
8%
1986 All Night Nippon Super Mario Bros.
7%
1988 Donkey Kong Classics
7%
2015 Dr. Mario: Miracle Cure
7%
2013 Mario and Donkey Kong: Minis on the Move
7%
1999 Mario Artist: Paint Studio
7%
2000 Mario Artist: Polygon Studio
7%
2000 Mario Artist: Talent Studio
7%
1984 Mario Bros. Special
7%
1996 Mario's FUNdamentals
7%
2004 Super Mario Ball
7%
2023 WarioWare: Move It!
7%
2008 Dr. Mario Express
5%
1995 Mario's Game Gallery
5%
1991 Mario the Juggler
5%
2016 Super Mario Maker for Nintendo 3DS
5%
2003 WarioWare, Inc.: Mega Microgames!
5%
2004 Classic NES Series: Donkey Kong
3%
2004 Classic NES Series: Dr. Mario
3%
2004 Classic NES Series: Super Mario Bros.
3%
2005 Dr. Mario & Puzzle League
3%
2000 Mario Artist: Communication Kit
3%
2017 Mario Kart Arcade GP VR
3%
1998 Mario no Photopi
3%
2016 Mini Mario & Friends: Amiibo Challenge
3%
1984 Punch Ball Mario Bros.
3%
1991 Super Mario Bros. & Friends: When I Grow Up
3%
1990 Vs. Dr. Mario
3%
2004 Famicom Mini: Mario Bros.
2%
2004 Famicom Mini: Wrecking Crew
2%
1996 Mario's Time Machine Deluxe
2%
2015 Puzzle & Dragons Z + Super Mario Bros. Edition
2%
1992 Super Mario Race
2%
2004 Yoshi's Universal Gravitation
2%
1995 Donkey Kong Country 2: Diddy's Kong Quest
0%
1996 Donkey Kong Land 2
0%
1997 Dr. Mario BS Version
0%
2004 Famicom Mini: Super Mario Bros. 2
0%
1988 Kaettekita Mario Bros.
0%
1991 Mario & Yoshi
0%
1997 Mario Net Quest
0%
No matching quizzes found
Score Distribution
Percent of People with Each Score
Percentile by Number Answered
Your Score History
You have not taken this quiz